[Event "Ayvalik Elma"]
[Site "Ayvalik"]
[Date "2023.10.10"]
[Round "5"]
[White "Eken, Atakan"]
[Black "Akat, Elifnaz"]
[Result "1-0"]
[WhiteElo "1863"]
[BlackElo "1785"]
[PlyCount "61"]
[EventDate "2023.10.09"]
[EventType "tourn"]
[EventRounds "9"]
[EventCountry "TUR"]
[SourceTitle "Mega2024 Update 01"]
[Source "Chessbase"]
[SourceDate "2023.11.12"]
[SourceVersion "1"]
[SourceVersionDate "2023.11.12"]
[SourceQuality "1"]

1. e4 c5 2. Nf3 Nc6 3. c3 Nf6 4. e5 Nd5 5. d4 cxd4 6. Bc4 Nb6 7. Bb3 d6 8. exd6 Qxd6 9. cxd4 Be6 10. 0-0 Bxb3 11. Qxb3 Qb4 12. Qd3 e6 13. Nc3 Be7 14. a3 Qa5 15. Bf4 Nd5 16. Bd2 Qd8 17. Rfe1 0-0 18. Rad1 Rc8 19. Ne5 Nb6 20. Qe4 Bf6 21. Bf4 Na5 22. d5 exd5 23. Nxd5 Re8 24. Ne3 Nd7 25. N3g4 Bxe5 26. Nxe5 g5 27. Bg3 Re7 28. Qd5 Qe8 29. Qxa5 b6 30. Nxd7 bxa5 31. Nf6+ 1-0

[Event "World ol U16"]
[Site "Eindhoven"]
[Date "2023.08.14"]
[Round "3.4"]
[White "Hayrapetyan, Nvard"]
[Black "Akat, Elifnaz"]
[Result "0-1"]
[WhiteElo "1560"]
[BlackElo "1800"]
[PlyCount "62"]
[EventDate "2023.08.13"]
[EventType "team-swiss"]
[EventRounds "9"]
[EventCountry "NED"]
[SourceTitle "CBM 215 Extra"]
[Source "ChessBase"]
[SourceDate "2023.09.30"]
[SourceVersion "1"]
[SourceVersionDate "2023.09.30"]
[SourceQuality "1"]
[WhiteTeam "Armenia"]
[BlackTeam "Turkey"]
[WhiteTeamCountry "ARM"]
[BlackTeamCountry "TUR"]

1. e4 c5 2. Nc3 Nc6 3. Bb5 g6 4. Bxc6 dxc6 5. d3 Bg7 6. Nge2 e5 7. Be3 Qe7 8. Qd2 Nf6 9. h3 0-0 10. 0-0 Nh5 11. Bh6 f5 12. Bxg7 Qxg7 13. f4 Qh6 14. Rf3 fxe4 15. Nxe4 exf4 16. g4 Ng7 17. Nxf4 g5 18. Qf2 Rxf4 19. Rxf4 gxf4 20. g5 Qxh3 21. Nf6+ Kh8 22. Qxf4 Qf5 23. Qh4 Ne6 24. Ne4 Nd4 25. Qh6 Qg4+ 26. Kf2 Qf3+ 27. Kg1 Ne2+ 28. Kh2 Qf4+ 29. Kg2 Bf5 30. Nf6 Qg3+ 31. Kf1 Nf4 0-1

[Event "TUR-chT 1st League"]
[Site "Denizli"]
[Date "2023.07.11"]
[Round "4.25"]
[White "Kara, Gulce Nehir"]
[Black "Akat, Elifnaz"]
[Result "1/2-1/2"]
[WhiteElo "2004"]
[BlackElo "1766"]
[PlyCount "60"]
[EventDate "2023.07.09"]
[EventType "team-swiss"]
[EventRounds "9"]
[EventCountry "TUR"]
[SourceTitle "CBM 215 Extra"]
[Source "ChessBase"]
[SourceDate "2023.09.30"]
[SourceVersion "1"]
[SourceVersionDate "2023.09.30"]
[SourceQuality "1"]
[WhiteTeam "Alacati Satranc"]
[BlackTeam "Guzelbahce Altyapi"]
[WhiteTeamCountry "TUR"]
[BlackTeamCountry "TUR"]

1. e4 c5 2. Nf3 Nc6 3. Bb5 g6 4. Bxc6 dxc6 5. d3 Bg7 6. Nc3 e5 7. Be3 b6 8. Qd2 Qd6 9. 0-0-0 h6 10. Rhe1 Be6 11. Kb1 0-0-0 12. Qe2 Ne7 13. Bc1 Rhe8 14. Nd2 Qc7 15. h4 h5 16. Nc4 Ng8 17. Ne3 Nf6 18. f3 Rh8 19. g3 b5 20. b3 a5 21. a4 Qb6 22. Bb2 Ne8 23. f4 exf4 24. gxf4 Bd4 25. f5 b4 26. fxe6 bxc3 27. Nc4 Qc7 28. exf7 Qxf7 29. Bc1 Nd6 30. Nxa5 Qc7 1/2-1/2

[Event "World School-ch U17 Girls"]
[Site "Rhodes"]
[Date "2023.04.17"]
[Round "4"]
[White "Humbatova, Nazli"]
[Black "Akat, Elifnaz"]
[Result "0-1"]
[WhiteElo "1781"]
[BlackElo "1769"]
[PlyCount "86"]
[EventDate "2023.04.14"]
[EventType "swiss"]
[EventRounds "9"]
[EventCountry "GRE"]
[SourceTitle "EXT 2024"]
[Source "ChessBase"]
[SourceDate "2023.10.10"]
[SourceVersion "1"]
[SourceVersionDate "2023.10.10"]
[SourceQuality "1"]

1. e4 c5 2. Nf3 Nc6 3. d4 cxd4 4. Nxd4 g6 5. Nc3 Bg7 6. Be3 Nf6 7. Bc4 Qa5 8. 0-0 0-0 9. Bb3 d6 10. h3 Bd7 11. f4 Nxd4 12. Bxd4 Bc6 13. Nd5 Rfe8 14. f5 Bxd5 15. exd5 g5 16. c4 a6 17. Rc1 Rac8 18. Kh2 h6 19. Bc3 Qc5 20. Qe2 Rc7 21. a3 Qb6 22. Ba2 Rec8 23. b4 Qa7 24. Qb2 b5 25. Bd4 Ng4+ 26. hxg4 Bxd4 27. Qe2 Be5+ 28. Kh1 bxc4 29. Rxc4 Rxc4 30. Bxc4 a5 31. Qe4 f6 32. Be2 axb4 33. axb4 Qa3 34. b5 Qg3 35. Kg1 Rc3 36. Rf3 Qh2+ 37. Kf2 Bg3+ 38. Rxg3 Qxg3+ 39. Kg1 Qe1+ 40. Kh2 Rc1 41. Qe3 h5 42. b6 h4 43. Qe6+ Kf8 0-1

[Event "World School-ch U17 Girls"]
[Site "Rhodes"]
[Date "2023.04.16"]
[Round "3"]
[White "Akat, Elifnaz"]
[Black "Kairbekova, Amina"]
[Result "1/2-1/2"]
[WhiteElo "1769"]
[BlackElo "2157"]
[PlyCount "78"]
[EventDate "2023.04.14"]
[EventType "swiss"]
[EventRounds "9"]
[EventCountry "GRE"]
[SourceTitle "EXT 2024"]
[Source "ChessBase"]
[SourceDate "2023.10.10"]
[SourceVersion "1"]
[SourceVersionDate "2023.10.10"]
[SourceQuality "1"]

1. d4 Nf6 2. Nf3 g6 3. Nc3 d5 4. Bf4 Bg7 5. Nb5 Na6 6. e3 c6 7. Nc3 Nc7 8. h3 0-0 9. Be2 b6 10. 0-0 Bb7 11. a4 Ne6 12. Be5 c5 13. Re1 a6 14. Bd3 c4 15. Bf1 b5 16. axb5 axb5 17. Rxa8 Bxa8 18. Nxb5 Qb6 19. Nc3 Qxb2 20. Qa1 Qxc2 21. Rc1 Qf5 22. Nh4 Qh5 23. Bg3 Qh6 24. Nf3 Nh5 25. Bh2 f5 26. Qa7 g5 27. Rb1 g4 28. Rb8 Bc6 29. Ne5 Bxe5 30. Bxe5 f4 31. hxg4 Ng3 32. Rxf8+ Kxf8 33. fxg3 fxg3 34. Bxg3 Qxe3+ 35. Bf2 Qxc3 36. Qb6 Bd7 37. Qb7 Ke8 38. Qxd5 Qc1 39. Qxc4 Qxc4 1/2-1/2

[Event "EU-ch U16 Girls 30th"]
[Site "Antalya"]
[Date "2022.11.10"]
[Round "5"]
[White "Akat, Elifnaz"]
[Black "Tashkinova, Sofiia"]
[Result "1/2-1/2"]
[WhiteElo "1826"]
[BlackElo "2006"]
[PlyCount "91"]
[EventDate "2022.11.06"]
[EventType "swiss"]
[EventRounds "9"]
[EventCountry "TUR"]
[SourceTitle "EXT 2024"]
[Source "ChessBase"]
[SourceDate "2023.10.10"]
[SourceVersion "1"]
[SourceVersionDate "2023.10.10"]
[SourceQuality "1"]

1. e4 e6 2. d3 c5 3. g3 b6 4. Bg2 Bb7 5. Nc3 d5 6. exd5 Ne7 7. d4 Nxd5 8. dxc5 Bxc5 9. Nxd5 Bxd5 10. Bxd5 Qxd5 11. Qxd5 exd5 12. Ne2 Nc6 13. a3 a5 14. Bf4 0-0-0 15. 0-0 Rhe8 16. Rfe1 d4 17. Rad1 f6 18. Kg2 g5 19. Bd2 d3 20. cxd3 Rxd3 21. Nc3 Red8 22. Bc1 Ne5 23. Rxd3 Nxd3 24. Rf1 Kc7 25. Ne4 Bd4 26. b3 h6 27. g4 Re8 28. f3 Nc5 29. Nxc5 Re2+ 30. Kg3 Bxc5 31. f4 Bd6 32. h4 Rc2 33. Be3 Rc3 34. Kf2 gxf4 35. Bd4 Rxb3 36. Rc1+ Kb7 37. Bxf6 Bc5+ 38. Kf1 Rg3 39. Rc3 Rxg4 40. Rf3 Be3 41. Ke2 Rg2+ 42. Kd3 b5 43. Be7 Kc6 44. Ke4 Kd7 45. Bf8 h5 46. Ke5 1/2-1/2

[Event "EU-ch Schools U15 Girls"]
[Site "Rhodes"]
[Date "2022.04.28"]
[Round "6"]
[White "Akat, Elifnaz"]
[Black "Cuthbert, Larissa"]
[Result "1-0"]
[WhiteElo "1769"]
[BlackElo "1237"]
[PlyCount "79"]
[EventDate "2022.04.21"]
[EventType "swiss"]
[EventRounds "9"]
[EventCountry "GRE"]
[SourceTitle "CBM 208 Extra"]
[Source "ChessBase"]
[SourceDate "2022.07.31"]
[SourceVersion "1"]
[SourceVersionDate "2022.07.31"]
[SourceQuality "1"]

1. e4 e6 2. d3 d5 3. Nd2 Nf6 4. Ngf3 Be7 5. g3 a5 6. a4 0-0 7. Bg2 Bd7 8. e5 Ne8 9. 0-0 c5 10. Re1 f6 11. exf6 Bxf6 12. Nf1 b5 13. axb5 Bxb5 14. Rxe6 Nc6 15. Re1 Qb6 16. Ng5 Nc7 17. Nh3 c4 18. Ne3 Rad8 19. Nf4 Ne7 20. Ng4 Nc6 21. Rf1 Rf7 22. h4 Bd4 23. c3 cxd3 24. cxd4 d2 25. Bxd2 Bxf1 26. Bxf1 Ra8 27. Bc3 Qb8 28. Bg2 Ne7 29. Ne5 Rf5 30. Bh3 Rxf4 31. gxf4 Qf8 32. Qg4 a4 33. Bb4 Qf6 34. Qd7 Qxh4 35. Be6+ Nxe6 36. Qxe6+ Kh8 37. Nf7+ Kg8 38. Nh6+ Kh8 39. Qg8+ Rxg8 40. Nf7# 1-0

[Event "EU-ch Schools U15 Girls"]
[Site "Rhodes"]
[Date "2022.04.21"]
[Round "1"]
[White "Bereketoglu, Nadiye"]
[Black "Akat, Elifnaz"]
[Result "1/2-1/2"]
[WhiteElo "1468"]
[BlackElo "1769"]
[PlyCount "113"]
[EventDate "2022.04.21"]
[EventType "swiss"]
[EventRounds "9"]
[EventCountry "GRE"]
[SourceTitle "CBM 208 Extra"]
[Source "ChessBase"]
[SourceDate "2022.07.31"]
[SourceVersion "1"]
[SourceVersionDate "2022.07.31"]
[SourceQuality "1"]

1. d4 Nf6 2. Bf4 c5 3. e3 Nd5 4. Bg3 Qb6 5. b3 g6 6. Nf3 Bg7 7. Bc4 Nf6 8. 0-0 d5 9. Be2 0-0 10. Nc3 cxd4 11. exd4 a6 12. Ne5 Bf5 13. Na4 Qd8 14. Bf3 Nbd7 15. c4 Nxe5 16. Bxe5 Ne4 17. Bxg7 Kxg7 18. cxd5 Nf6 19. Re1 Ra7 20. Nc3 b5 21. b4 Rc7 22. Rc1 Rc4 23. a3 Qd6 24. g3 Rfc8 25. Qd2 h5 26. Be2 R4c7 27. Bf3 Qb6 28. Qe3 Qd6 29. Bg2 Ng4 30. Qd2 Nf6 31. h3 Qb6 32. Qe3 Kg8 33. f3 Rd8 34. g4 Bc8 35. Qe5 Rcd7 36. gxh5 Nxh5 37. f4 Ng7 38. Ne2 Bb7 39. Rc5 Nf5 40. Nc3 Nd6 41. Bf1 Nf5 42. Bd3 Ng7 43. Re2 Qd6 44. Qe4 Nh5 45. Rf2 Nf6 46. Qg2 Nxd5 47. Ne4 Nxf4 48. Nxd6 Bxg2 49. Rxf4 exd6 50. Rg5 Bb7 51. h4 Kg7 52. h5 Rh8 53. hxg6 Rh1+ 54. Kf2 Rh2+ 55. Kg1 Rh1+ 56. Kf2 Rh2+ 57. Kg1 1/2-1/2

[Event "TUR-ch (Women)"]
[Site "Ayvalik"]
[Date "2022.03.10"]
[Round "8"]
[White "Akat, Elifnaz"]
[Black "Atalik, Ekaterina"]
[Result "0-1"]
[WhiteElo "1689"]
[BlackElo "2420"]
[PlyCount "88"]
[EventDate "2022.03.05"]
[EventType "swiss"]
[EventRounds "9"]
[EventCountry "TUR"]
[SourceTitle "EXT 2023"]
[Source "ChessBase"]
[SourceDate "2022.10.05"]
[SourceVersion "1"]
[SourceVersionDate "2022.10.05"]
[SourceQuality "1"]

1. e4 c6 2. d4 d5 3. Nd2 dxe4 4. Nxe4 Bf5 5. Ng3 Bg6 6. h4 h6 7. Nf3 e6 8. Ne5 Bh7 9. Bd3 Bxd3 10. Qxd3 Nf6 11. Bd2 Nbd7 12. Qe2 c5 13. 0-0-0 cxd4 14. Rhe1 Nxe5 15. Qxe5 Qd5 16. Qxd5 Nxd5 17. Nf5 0-0-0 18. Nxd4 Bc5 19. Nb3 Be7 20. g3 Rd7 21. Ba5 b6 22. c4 Rc7 23. Kb1 Rxc4 24. Rxd5 exd5 25. Rxe7 bxa5 26. Rxa7 Re8 27. Ra8+ Kd7 28. Rxe8 Kxe8 29. Nxa5 Re4 30. Nb3 Re1+ 31. Nc1 Rf1 32. f4 Rg1 33. a4 Kd7 34. Kc2 Rxg3 35. Nd3 Rh3 36. a5 Kc6 37. b4 Kb5 38. Kc3 Rxh4 39. Kd4 Rh3 40. Ne5 Rb3 41. Kxd5 Rxb4 42. Nd3 Ra4 43. f5 h5 44. Nf2 Rf4 0-1

[Event "EU-ch Hybrid U14 Girls"]
[Site "Tornelo INT"]
[Date "2021.10.15"]
[Round "2"]
[White "Shvedova, Alexandra"]
[Black "Akat, Elifnaz"]
[Result "1-0"]
[WhiteElo "2089"]
[BlackElo "1672"]
[PlyCount "91"]
[EventDate "2021.10.15"]
[EventType "swiss"]
[EventRounds "9"]
[EventCountry "NET"]
[SourceTitle "EXT 2023"]
[Source "ChessBase"]
[SourceDate "2022.10.05"]
[SourceVersion "1"]
[SourceVersionDate "2022.10.05"]
[SourceQuality "1"]
[WhiteTeam "Russia"]
[BlackTeam "Turkey"]
[WhiteTeamCountry "RUS"]
[BlackTeamCountry "TUR"]

1. e4 d5 2. exd5 Qxd5 3. Nf3 Bg4 4. Be2 Nc6 5. d4 0-0-0 6. Be3 Nf6 7. Nbd2 e6 8. c4 Qh5 9. a3 Nd7 10. b4 f5 11. d5 exd5 12. cxd5 Ncb8 13. Qb3 Nf6 14. Bc4 f4 15. Bxf4 Nxd5 16. Bg5 Be7 17. Bxe7 Rhe8 18. 0-0 Rxe7 19. Rfe1 Nc6 20. h3 Bxf3 21. Nxf3 Nf4 22. Rxe7 Nxe7 23. Qe3 Ned5 24. Bxd5 Nxd5 25. Qxa7 Nb6 26. a4 Qd5 27. Rc1 Rd6 28. a5 Nd7 29. Qe3 Qe6 30. Qxe6 Rxe6 31. Ng5 Re5 32. f4 Rb5 33. Rc4 Nf8 34. Kf2 h6 35. Nf3 Ng6 36. g4 Rd5 37. Ke3 Rd1 38. Re4 Kd7 39. Rd4+ Rxd4 40. Nxd4 Ne7 41. Ke4 g6 42. Ke5 Ng8 43. f5 gxf5 44. gxf5 Ke7 45. Ne6 c6 46. Nc5 1-0